[Event "23. Erfurter Schachfestival 2013 / Amat"]
[Site "Erfurt"]
[Date "2013.12.29"]
[Round "6.5"]
[White "Loeck, Timm"]
[Black "Wolf, Erasmus"]
[Result "1/2-1/2"]
[WhiteElo "1434"]
[BlackElo "1485"]
[PlyCount "42"]
[EventDate "2013.12.27"]
[EventRounds "7"]
[EventCountry "GER"]

1. d4 d5 2. Bf4 e6 3. e3 c5 4. Nf3 Nf6 5. Be2 Nc6 6. O-O Bd6 7. Bxd6 Qxd6 8. c4
cxd4 9. Nxd4 dxc4 10. Bxc4 Nxd4 11. exd4 Bd7 12. Nc3 Bc6 13. Qd3 O-O 14. Rfd1
Rfd8 15. Rd2 Rd7 16. Rad1 Rad8 17. f3 Qf4 18. Ne2 Qg5 19. Qa3 Nd5 20. Bxd5 Bxd5
21. Ng3 a6 1/2-1/2

[Event "23. Erfurter Schachfestival 2013 / Amat"]
[Site "Erfurt"]
[Date "2013.12.30"]
[Round "7.1"]
[White "Kuenitz, Klaus"]
[Black "Peters, Soeren"]
[Result "1/2-1/2"]
[WhiteElo "1541"]
[BlackElo "1419"]
[PlyCount "30"]
[EventDate "2013.12.27"]
[EventRounds "7"]
[EventCountry "GER"]

1. d4 Nf6 2. c4 b6 3. Bg5 e6 4. e4 Be7 5. Nc3 Bb7 6. Bd3 d5 7. cxd5 exd5 8. e5
Ne4 9. Bxe7 Qxe7 10. Qg4 Nd7 11. Qe2 O-O 12. Nf3 c5 13. O-O cxd4 14. Nxe4 dxe4
15. Bxe4 {Notation wird unlesbar} Rac8 1/2-1/2

[Event "23. Erfurter Schachfestival 2013 / Amat"]
[Site "Erfurt"]
[Date "2013.12.30"]
[Round "7.3"]
[White "Ruhl, Moritz"]
[Black "Ruhl, Marcel"]
[Result "1/2-1/2"]
[WhiteElo "1412"]
[BlackElo "1430"]
[PlyCount "156"]
[EventDate "2013.12.27"]
[EventRounds "7"]
[EventCountry "GER"]

1. d4 d5 2. e3 Bd7 3. c4 e6 4. Qb3 b6 5. cxd5 exd5 6. Qxd5 c6 7. Qb3 Nf6 8. Bc4
Qe7 9. Nc3 Be6 10. d5 cxd5 11. Nxd5 Nxd5 12. Bxd5 Qb4+ 13. Ke2 Qxb3 14. Bxb3
Bxb3 15. axb3 Nc6 16. Bd2 Bc5 17. Nf3 O-O 18. Rhd1 h6 19. Bc3 Rfe8 20. Nd4
Nxd4+ 21. Bxd4 Bxd4 22. Rxd4 Rec8 23. Rc4 Re8 24. Kd3 Re7 25. Rc6 Rd8+ 26. Ke2
Red7 27. Rc2 Kf8 28. Rac1 Kg8 29. b4 Kh7 30. b3 a5 31. bxa5 bxa5 32. Ra1 Rb7
33. Rxa5 Rxb3 34. Ra7 Kg6 35. Rc6+ f6 36. Rac7 Rb2+ 37. Rc2 Rxc2+ 38. Rxc2 Rd5
39. Rd2 Rc5 40. e4 Rc7 41. f3 Kf7 42. g3 g6 43. Kf2 Ke7 44. g4 Rc6 45. Kg3 Rb6
46. h4 Rc6 47. Rd5 Re6 48. Kf4 g5+ 49. hxg5 fxg5+ 50. Kg3 Kf6 51. Rf5+ Kg7 52.
e5 Ra6 53. Kf2 Ra2+ 54. Ke3 Ra3+ 55. Kd4 Ra4+ 56. Kc3 Ra5 57. Kd4 Ra6 58. Kd5
Ra5+ 59. Ke4 Ra4+ 60. Ke3 Ra3+ 61. Kf2 Ra2+ 62. Kg3 Ra6 63. f4 Ra3+ 64. Kf2
Ra2+ 65. Ke3 Ra3+ 66. Kd4 Ra4+ 67. Kd5 Rxf4 68. Rxf4 gxf4 69. e6 f3 70. Kd6 f2
71. e7 f1=Q 72. e8=Q Qf4+ 73. Qe5+ Qxe5+ 74. Kxe5 Kg6 75. Kf4 h5 76. g5 h4 77.
Kg4 h3 78. Kxh3 Kxg5 {Zu wenig Material} 1/2-1/2

[Event "23. Erfurter Schachfestival 2013 / Amat"]
[Site "Erfurt"]
[Date "2013.12.30"]
[Round "7.4"]
[White "Wolf, Erasmus"]
[Black "Schulz, Wolfgang"]
[Result "0-1"]
[WhiteElo "1485"]
[BlackElo "1683"]
[PlyCount "72"]
[EventDate "2013.12.27"]
[EventRounds "7"]
[EventCountry "GER"]

1. e4 c6 2. d4 d5 3. Nc3 dxe4 4. Nxe4 Bf5 5. Ng3 Bg6 6. Nf3 Nd7 7. Bc4 e6 8.
Bf4 h6 9. O-O Ngf6 10. Re1 Be7 11. Bd3 Bxd3 12. Qxd3 O-O 13. Rad1 Nh7 14. Qd2
Ng5 15. Nxg5 Bxg5 16. Bxg5 hxg5 17. Ne4 g4 18. Qf4 Re8 19. Nd6 Re7 20. Nc4 Nf6
21. Ne5 Qc7 22. Qg5 Qa5 23. c3 Qxa2 24. Nxg4 Nxg4 25. Qxe7 Qxb2 26. Qh4 Nf6 27.
c4 a5 28. Qf4 a4 29. Rb1 Qc2 30. Rxb7 Qxc4 31. Qc7 Rf8 32. Qb6 Nd5 33. Qc5 Qd3
34. Ra7 Qd2 35. Kf1 Nf4 36. Qxc6 Nd3 0-1

[Event "23. Erfurter Schachfestival 2013 / Amat"]
[Site "Erfurt"]
[Date "2013.12.30"]
[Round "7.5"]
[White "Seidlitz, Cliff"]
[Black "Stratmann, Dietrich"]
[Result "0-1"]
[WhiteElo "1504"]
[BlackElo "1697"]
[PlyCount "80"]
[EventDate "2013.12.27"]
[EventRounds "7"]
[EventCountry "GER"]

1. e4 e5 2. Nf3 Nf6 3. Nc3 Nc6 4. d4 exd4 5. Nxd4 Bc5 6. Be3 Bb6 7. Bc4 O-O 8.
Qd2 Na5 9. Be2 Re8 10. Bg5 d6 11. Nd5 Nxe4 12. Nxb6 axb6 13. Qxa5 Rxa5 14. Bxd8
Rxd8 15. O-O Bd7 16. Nb3 Re5 17. Bd3 Nc5 18. Nxc5 Rxc5 19. b4 Re5 20. f4 Re3
21. Rae1 Rde8 22. Rxe3 Rxe3 23. Kf2 Re7 24. c4 f6 25. f5 Bc6 26. Rd1 Kf8 27. g4
Be4 28. Be2 Re5 29. Bf3 Ke7 30. Re1 Bxf3 31. Rxe5+ dxe5 32. Kxf3 g5 33. Ke4 Kd6
34. a4 c6 35. Kd3 Kd7 36. c5 bxc5 37. bxc5 Kc7 38. a5 Kb8 39. h4 h6 40. hxg5
hxg5 0-1

[Event "23. Erfurter Schachfestival 2013 / Haup"]
[Site "Erfurt"]
[Date "2013.12.26"]
[Round "1.2"]
[White "Maeder, Juergen"]
[Black "Siebarth, Marco"]
[Result "1/2-1/2"]
[WhiteElo "1843"]
[BlackElo "2045"]
[PlyCount "129"]
[EventDate "2013.12.26"]
[EventRounds "8"]
[EventCountry "GER"]

1. c4 c6 2. g3 Nf6 3. Bg2 d5 4. Nf3 e6 5. b3 Be7 6. O-O O-O 7. Bb2 Nbd7 8. d3
b6 9. Nbd2 Bb7 10. Rc1 Re8 11. Rc2 c5 12. e3 Bf8 13. d4 Rc8 14. Ne5 cxd4 15.
exd4 Ba8 16. Qe2 Nxe5 17. dxe5 Nd7 18. Rfc1 Rc7 19. Nf3 dxc4 20. Rxc4 Rxc4 21.
Qxc4 Nc5 22. Bd4 Bd5 23. Qc3 a5 24. h4 Qa8 25. Qe3 Rd8 26. Rc3 Qb7 27. Bxc5
Bxc5 28. Qc1 Qb8 29. Rd3 Rc8 30. Qg5 Qb7 31. Ne1 Be4 32. Rd8+ Rxd8 33. Qxd8+
Bf8 34. Bxe4 Qxe4 35. Kf1 Qc6 36. Nd3 h6 37. Ke2 Qc2+ 38. Ke3 Qxa2 39. Qxb6 a4
40. bxa4 Qxa4 41. Qb8 Qa3 42. Ke4 g6 43. Qd8 Qa2 44. Ke3 Qa7+ 45. Ke2 Kg7 46.
Qf6+ Kh7 47. Qf3 h5 48. Kf1 Kg8 49. Kg2 Bg7 50. Qe4 Qa2 51. Kf3 Qb3 52. Ke2
Qc2+ 53. Kf3 Kh7 54. Qe2 Qc6+ 55. Qe4 Qc3 56. Kg2 Qc2 57. Kf3 Qb1 58. Qe2 Qh1+
59. Ke3 Qg1 60. Qf3 Kg8 61. Qa8+ Bf8 62. Qd8 Qf1 63. Kf3 Kg7 64. Qf6+ Kg8 65.
Qd8 1/2-1/2